Vybrané nástroje marketingového mixu v maloobchode

Enregistré dans:
Détails bibliographiques
Auteur principal: Daňo, Ferdinand, 1959-
Format: Chapitre de livre
Langue:slovaque
Tags: Ajouter un tag
Pas de tags, Soyez le premier à ajouter un tag!

MARC

LEADER 00000naa a2200000 4500
001 0152020
005 20240502083347.4
041 0 |a slo 
044 |a CZ 
245 1 0 |a Vybrané nástroje marketingového mixu v maloobchode  |c Ferdinand Daňo 
100 1 |a Daňo, Ferdinand, 1959-